[Event "Stay Safe Play From Home 293"]
[Site "Emanuel Lasker Arena"]
[Date "2020.07.10"]
[Round "2"]
[White "APConnection"]
[Black "Don59as"]
[Result "0-1"]
[WhiteElo "1751"]
[BlackElo "2153"]
[Annotator "NA"]
[PlyCount "92"]
[EventDate "2020.07.10"]
[EventType "swiss (blitz)"]

1. c4 {[%emt 0:00:00]} c5 {[%emt 0:00:01]} 2. Nc3 {[%emt 0:00:00]} g6 {[%emt 0:00:00]} 3. Nf3 {[%emt 0:00:00]} Bg7 {[%emt 0:00:00]} 4. g3 {[%emt 0:00:00]} d6 {[%emt 0:00:01]} 5. Bg2 {[%emt 0:00:00]} Nc6 {[%emt 0:00:00]} 6. O-O {[%emt 0:00:00]} Nf6 {[%emt 0:00:00]} 7. e3 {[%emt 0:00:00]} O-O {[%emt 0:00:01]} 8. d4 {[%emt 0:00:00]} cxd4 {[%emt 0:00:00]} 9. exd4 {[%emt 0:00:00]} d5 {[%emt 0:00:01]} 10. c5 {[%emt 0:00:01]} Bg4 {[%emt 0:00:02]} 11. h3 {[%emt 0:00:01]} Bxf3 {[%emt 0:00:01]} 12. Bxf3 {[%emt 0:00:00]} e6 {[%emt 0:00:00]} 13. Be3 {[%emt 0:00:02]} Ne4 {[%emt 0:00:03]} 14. Qd3 {[%emt 0:00:06]} f5 {[%emt 0:00:02]} 15. a3 {[%emt 0:00:02]} Qc7 {[%emt 0:00:03]} 16. b4 {[%emt 0:00:01]} Nxg3 {[%emt 0:00:01]} 17. fxg3 {[%emt 0:00:02]} Qxg3+ {[%emt 0:00:00]} 18. Bg2 {[%emt 0:00:00]} f4 {[%emt 0:00:02]} 19. Rf3 {[%emt 0:00:04]} Qg5 {[%emt 0:00:01]} 20. Bf2 {[%emt 0:00:03]} Rf7 {[%emt 0:00:04]} 21. b5 {[%emt 0:00:02]} Ne7 {[%emt 0:00:02]} 22. Qe2 {[%emt 0:00:07]} Qf5 {[%emt 0:00:04]} 23. Kh2 {[%emt 0:00:02]} g5 {[%emt 0:00:01]} 24. Re1 {[%emt 0:00:03]} Rf6 {[%emt 0:00:02]} 25. Qd3 {[%emt 0:00:01]} Qxd3 {[%emt 0:00:02]} 26. Rxd3 {[%emt 0:00:00]} Nf5 {[%emt 0:00:02]} 27. Bf3 {[%emt 0:00:01]} Raf8 {[%emt 0:00:04]} 28. Re5 {[%emt 0:00:00]} h6 {[%emt 0:00:01]} 29. c6 {[%emt 0:00:01]} bxc6 {[%emt 0:00:01]} 30. bxc6 {[%emt 0:00:00]} Nd6 {[%emt 0:00:01]} 31. Nxd5 {[%emt 0:00:05]} exd5 {[%emt 0:00:01]} 32. Bxd5+ {[%emt 0:00:00]} Kh8 {[%emt 0:00:00]} 33. c7 {[%emt 0:00:01]} R6f7 {[%emt 0:00:01]} 34. Bxf7 {[%emt 0:00:01]} Nxf7 {[%emt 0:00:00]} 35. Re7 {[%emt 0:00:01]} Nd6 {[%emt 0:00:02]} 36. d5 {[%emt 0:00:00]} h5 {[%emt 0:00:02]} 37. Bc5 {[%emt 0:00:00]} Nc8 {[%emt 0:00:02]} 38. d6 {[%emt 0:00:00]} Nxd6 {[%emt 0:00:01]} 39. Rd7 {[%emt 0:00:02]} g4 {[%emt 0:00:00]} 40. Bxd6 {[%emt 0:00:00]} Kh7 {[%emt 0:00:01]} 41. Kg2 {[%emt 0:00:01]} f3+ {[%emt 0:00:01]} 42. Kf2 {[%emt 0:00:01]} h4 {[%emt 0:00:00]} 43. Rd8 {[%emt 0:00:01]} g3+ {[%emt 0:00:00]} 44. Kg1 {[%emt 0:00:02]} f2+ {[%emt 0:00:01]} 45. Kf1 {[%emt 0:00:00]} g2+ {[%emt 0:00:00]} 46. Kxg2 {[%emt 0:00:00]} f1=Q+ {[%emt 0:00:00] Zeit (Lag: Av=0.61s, max=1.0s)} 0-1

[Event "Stay Safe Play From Home 293"]
[Site "Emanuel Lasker Arena"]
[Date "2020.07.10"]
[Round "2"]
[White "Klasman"]
[Black "Trotsky"]
[Result "0-1"]
[WhiteElo "1357"]
[BlackElo "1605"]
[Annotator "NA RC"]
[PlyCount "58"]
[EventDate "2020.07.10"]
[EventType "swiss (blitz)"]

1. f4 {[%emt 0:00:02]} d5 {[%emt 0:00:01]} 2. Nf3 {[%emt 0:00:01]} e6 {[%emt 0:00:00]} 3. e3 {[%emt 0:00:01]} c5 {[%emt 0:00:00]} 4. d4 {[%emt 0:00:04]} Nc6 {[%emt 0:00:01]} 5. c4 {[%emt 0:00:03]} Nf6 {[%emt 0:00:01]} 6. cxd5 {[%emt 0:00:02]} exd5 {[%emt 0:00:01]} 7. Bb5 {[%emt 0:00:01]} Qc7 {[%emt 0:00:01]} 8. Ne5 {[%emt 0:00:02]} Be6 {[%emt 0:00:01]} 9. O-O {[%emt 0:00:02]} c4 {[%emt 0:00:01]} 10. Nc3 {[%emt 0:00:02]} Bd6 {[%emt 0:00:01]} 11. Bxc6+ {[%emt 0:00:03]} bxc6 {[%emt 0:00:01]} 12. Bd2 {[%emt 0:00:01]} h5 {[%emt 0:00:01]} 13. Qf3 {[%emt 0:00:02]} Ng4 {[%emt 0:00:02]} 14. h3 {[%emt 0:00:01]} Nxe5 {[%emt 0:00:02]} 15. fxe5 {[%emt 0:00:02]} Bxe5 {[%emt 0:00:01]} 16. dxe5 {[%emt 0:00:02]} Qxe5 {[%emt 0:00:01]} 17. e4 {[%emt 0:00:01]} O-O-O {[%emt 0:00:01]} 18. exd5 {[%emt 0:00:02]} Bxd5 {[%emt 0:00:02]} 19. Qf4 {[%emt 0:00:03]} Qe6 {[%emt 0:00:03]} 20. Na4 {[%emt 0:00:02]} f6 {[%emt 0:00:02]} 21. Nc5 {[%emt 0:00:02]} Qe7 {[%emt 0:00:04]} 22. Rae1 {[%emt 0:00:03]} Qf7 {[%emt 0:00:04]} 23. Na6 {[%emt 0:00:03]} Qb7 {[%emt 0:00:04]} 24. Nc5 {[%emt 0:00:02]} Qf7 {[%emt 0:00:02]} 25. Bb4 {[%emt 0:00:02]} g5 {[%emt 0:00:01]} 26. Qe3 {[%emt 0:00:03]} Rde8 {[%emt 0:00:03]} 27. Qa3 {[%emt 0:00:03]} Rxe1 {[%emt 0:00:02]} 28. Qa6+ {[%emt 0:00:01]} Kd8 {[%emt 0:00:02]} 29. Rxe1 {[%emt 0:00:02]} Rh7 {[%emt 0:00:02] Time (Lag: Av=0.29s, max=0.4s)} 0-1

[Event "Stay Safe Play From Home 293"]
[Site "Emanuel Lasker Arena"]
[Date "2020.07.10"]
[Round "3"]
[White "SoulofWolf"]
[Black "Mepe_Nika"]
[Result "1-0"]
[WhiteElo "2237"]
[BlackElo "2398"]
[Annotator "TA"]
[PlyCount "91"]
[EventDate "2020.07.10"]
[EventType "swiss (blitz)"]

{[%evp 9,90,6,28,0,30,27,19,-40,14,-62,-39,-370,-143,-790,-69,-73,12,-72,14,16,7,14,8,7,32,8,8,-6,0,-19,0,-34,25,-10,0,-10,22,-52,-18,-18,-18,-26,-2,-23,126,-15,98,0,24,31,14,25,123,127,1729,1661,1589,1453,1375,1118,29991,29992,29998,29996,29996,29997,29997,29993,29996,29994,29995,29993,29995,29995,29995,29996,29997,29995,29997,29998,29998,29999,29999]} 1. d4 d5 2. c4 c6 3. Nf3 Nf6 4. Bg5 Ne4 5. Bf4 Qb6 6. Qb3 {D11: Slav Defence: 3 Nf3 sidelines and 3...Nf6 4 e3 Bg4.} Bf5 7. e3 e6 {[#]} 8. Nc3 $146 (8. c5 $11 Qxb3 9. axb3) ({Predecessor:} 8. c5 Qa5+ 9. Nc3 b6 10. Rc1 Be7 11. Bxb8 Rxb8 12. Ne5 Rc8 13. cxb6 Qxb6 14. Qxb6 axb6 15. Nxe4 Bxe4 {½-½ (45) Siebrecht,S (2370)-Sjodahl,P (2410) Germany 1997}) 8... Nd7 (8... Qxb3 $1 $15 9. axb3 Bb4) 9. Rc1 (9. c5 $11 Qxb3 10. axb3) 9... Be7 10. Bd3 $2 {[%mdl 8192] [#]} (10. h4 $15) 10... Nxc3 $2 (10... Nec5 $1 $19 {[%mdl 512] is more deadly.} 11. dxc5 Nxc5 {[%mdl 64] Double Attack} 12. Qxb6 Nxd3+ 13. Ke2 axb6) 11. Qxc3 $4 {[%mdl 8192]} (11. Rxc3 $17 Bb4 12. c5 Bxc3+ 13. Qxc3) 11... Bxd3 $2 (11... Bb4 $19 12. Bxf5 Bxc3+ 13. bxc3 exf5 14. cxd5 cxd5) 12. Qxd3 $15 Bb4+ (12... Qxb2 $17 13. Rb1 dxc4 14. Rxb2 cxd3) 13. Nd2 {[#]} (13. Ke2 $11) 13... Qa5 ({Black should try} 13... dxc4 $1 $17 14. Rxc4 Qb5) 14. a3 $11 Bxd2+ 15. Qxd2 Qxd2+ 16. Kxd2 Ke7 17. h3 f6 18. g4 Rac8 19. Kd3 e5 20. Bg3 e4+ (20... dxc4+ $15 21. Kxc4 Nb6+ 22. Kc3 exd4+ 23. Kxd4 Rcd8+ 24. Kc3 h5) 21. Kd2 Ke6 22. Rc2 g6 23. b4 (23. b3 $11) 23... dxc4 (23... Nb6 $5 {[%cal Rb6c4]} 24. cxd5+ cxd5 $15) 24. Rxc4 Nb6 25. Rc2 Nd5 26. Rhc1 f5 {[#]} (26... a6 $11 {remains equal.}) 27. Rc5 (27. b5 $1 $16 {[%mdl 512]}) 27... h5 (27... a6 $11 {keeps the balance.}) 28. g5 (28. gxf5+ $16 Kxf5 29. b5) 28... h4 29. Be5 Rh5 30. b5 $36 {[%cal Rb5c6][%mdl 2048] White fights for an advantage.} Ne7 {White stays focused until the end.} (30... Rxg5 $11 31. bxc6 b6) 31. Bf6 $16 b6 $2 {[%mdl 8192]} (31... Kd7 $16 32. R1c2 Rh7) 32. Re5+ $18 Kd6 33. Bxe7+ Kd7 34. Bf6 cxb5 35. Re7+ {White mates.} Kd8 36. Rec7+ Ke8 37. Rxc8+ Kd7 38. R8c6 b4 39. axb4 f4 40. exf4 a5 41. b5 a4 42. Ke3 a3 43. Ra1 a2 44. Rxa2 Ke8 45. Ra7 {[%cal Rc6c8]} Rxg5 46. Rc8# {Accuracy: White = 43%, Black = 32%.} 1-0

[Event "Stay Safe Play From Home 293"]
[Site "Emanuel Lasker Arena"]
[Date "2020.07.10"]
[Round "3"]
[White "Don59as"]
[Black "Broken sword"]
[Result "0-1"]
[WhiteElo "2156"]
[BlackElo "2521"]
[Annotator "NA"]
[PlyCount "88"]
[EventDate "2020.07.10"]
[EventType "swiss (blitz)"]

1. c4 {[%emt 0:00:02]} c6 {[%emt 0:00:01]} 2. Nc3 {[%emt 0:00:01]} d5 {[%emt 0:00:00]} 3. e3 {[%emt 0:00:01]} Nf6 {[%emt 0:00:00]} 4. cxd5 {[%emt 0:00:01]} cxd5 {[%emt 0:00:01]} 5. Nf3 {[%emt 0:00:00]} Nc6 {[%emt 0:00:00]} 6. d4 {[%emt 0:00:01]} Bg4 {[%emt 0:00:00]} 7. Be2 {[%emt 0:00:01]} e6 {[%emt 0:00:00]} 8. h3 {[%emt 0:00:00]} Bxf3 {[%emt 0:00:01]} 9. Bxf3 {[%emt 0:00:01]} Bd6 {[%emt 0:00:00]} 10. O-O {[%emt 0:00:01]} Rc8 {[%emt 0:00:00]} 11. g3 {[%emt 0:00:01]} O-O {[%emt 0:00:01]} 12. Bg2 {[%emt 0:00:00]} a6 {[%emt 0:00:00]} 13. Bd2 {[%emt 0:00:01]} b5 {[%emt 0:00:01]} 14. Ne2 {[%emt 0:00:01]} Qe7 {[%emt 0:00:01]} 15. a3 {[%emt 0:00:00]} Nd7 {[%emt 0:00:01]} 16. Rc1 {[%emt 0:00:01]} Nb6 {[%emt 0:00:01]} 17. b3 {[%emt 0:00:01]} Bxa3 {[%emt 0:00:01]} 18. Ra1 {[%emt 0:00:01]} a5 {[%emt 0:00:01]} 19. Bc1 {[%emt 0:00:01]} Bxc1 {[%emt 0:00:01]} 20. Nxc1 {[%emt 0:00:00]} a4 {[%emt 0:00:01]} 21. bxa4 {[%emt 0:00:03]} Nxa4 {[%emt 0:00:00]} 22. Nd3 {[%emt 0:00:02]} Nb6 {[%emt 0:00:01]} 23. Nc5 {[%emt 0:00:01]} Nc4 {[%emt 0:00:00]} 24. Qc2 {[%emt 0:00:06]} Rb8 {[%emt 0:00:01]} 25. Rfb1 {[%emt 0:00:02]} Rfc8 {[%emt 0:00:01]} 26. Qd3 {[%emt 0:00:02]} g6 {[%emt 0:00:02]} 27. f4 {[%emt 0:00:01]} f5 {[%emt 0:00:01]} 28. g4 {[%emt 0:00:01]} Nd8 {[%emt 0:00:01]} 29. g5 {[%emt 0:00:01]} Nf7 {[%emt 0:00:01]} 30. Ra6 {[%emt 0:00:03]} Nfd6 {[%emt 0:00:02]} 31. h4 {[%emt 0:00:03]} Ra8 {[%emt 0:00:01]} 32. Rba1 {[%emt 0:00:01]} Rxa6 {[%emt 0:00:01]} 33. Rxa6 {[%emt 0:00:01]} Kf7 {[%emt 0:00:00]} 34. h5 {[%emt 0:00:01]} Rc7 {[%emt 0:00:01]} 35. h6 {[%emt 0:00:01]} Ra7 {[%emt 0:00:01]} 36. Qb3 {[%emt 0:00:04]} Rxa6 {[%emt 0:00:02]} 37. Nxa6 {[%emt 0:00:00]} Qa7 {[%emt 0:00:01]} 38. Nc5 {[%emt 0:00:01]} Qa1+ {[%emt 0:00:01]} 39. Kh2 {[%emt 0:00:00]} Qa3 {[%emt 0:00:00]} 40. Nxe6 {[%emt 0:00:04]} Kxe6 {[%emt 0:00:02]} 41. Qd1 {[%emt 0:00:02]} Qxe3 {[%emt 0:00:01]} 42. Qa1 {[%emt 0:00:01]} Qxf4+ {[%emt 0:00:01]} 43. Kh1 {[%emt 0:00:00]} Qxg5 {[%emt 0:00:01]} 44. Qa8 {[%emt 0:00:00]} Qxh6+ {[%emt 0:00:01] Time (Lag: Av=0.38s, max=0.5s)} 0-1

[Event "Stay Safe Play From Home 293"]
[Site "Emanuel Lasker Arena"]
[Date "2020.07.10"]
[Round "3"]
[White "Lazieri3"]
[Black "Muralikrishna"]
[Result "1-0"]
[WhiteElo "2071"]
[BlackElo "1784"]
[Annotator "TA"]
[PlyCount "81"]
[EventDate "2020.07.10"]
[EventType "swiss (blitz)"]

{[%evp 18,81,0,0,103,0,10,0,0,1,12,0,26,0,0,4,56,68,757,766,883,39,46,35,36,18,113,120,120,120,129,120,170,170,170,166,164,164,257,259,279,221,447,443,437,426,358,286,12846,1110,12832,12833,12838,12835,12839,12837,12850,27999,12851,27999,12851,27999,12851,27999,12851,27999]} 1. e4 Nc6 2. Nc3 e5 3. Nf3 Nf6 4. d4 exd4 5. Nxd4 Bb4 6. Nxc6 bxc6 7. Bd3 d5 8. exd5 cxd5 9. O-O O-O 10. Bg5 h6 {C47: Scotch Four Knights and Four Knights with 4 g3.} (10... Be6 $11) 11. Bh4 (11. Bxf6 $1 $16 Qxf6 12. Nxd5 {[%mdl 64] Double Attack}) 11... Be7 12. Bxf6 Bxf6 {The position is equal.} 13. Nxd5 {next Qf3 is good for White.} Bxb2 ({Don't go for} 13... Qxd5 $2 14. Bh7+ $1 {[%mdl 512]} Kxh7 15. Qxd5 $18) 14. Rb1 {[#]} Be5 $146 ({Predecessor:} 14... Rb8 15. Re1 Be6 16. c4 Bxd5 17. cxd5 Qf6 18. Qf3 Qxf3 19. gxf3 Ba3 20. Rxb8 Rxb8 21. Kg2 Kf8 {½-½ (85) Bertusi,M (1923)-Srbis,J (2274) Topusko 2011}) 15. Re1 (15. Qf3 $5 {[%cal Rf3e4]} Be6 16. Qe4 $14) 15... Bd6 ({Don't blunder} 15... Qxd5 $2 16. Bh7+ $1 {[%mdl 512]} Kxh7 17. Qxd5 $18) 16. Qe2 {With the idea Qe4.} c6 ({Black should try} 16... Be6 $11 17. Qe4 g6) 17. Ne7+ $14 Kh8 $2 {[%mdl 8192] [#]} (17... Qxe7 $14 18. Qxe7 Bxe7 19. Rxe7 Be6) 18. Qe4 $1 $18 {[%csl Gd3][%cal Re4h7][%mdl 512]} g6 {[#]} 19. Qe3 $2 (19. Nxg6+ $1 $18 {[%mdl 512]} Kg7 (19... fxg6 20. Qxg6) 20. Nxf8 Kxf8 21. Qxc6) 19... Kh7 $14 20. Nxc6 Qc7 21. Ne5 (21. g3 {is more complex.} Bb7 22. Ne5 Rfe8 23. Rxb7 Qxb7 24. Be4) 21... Bxe5 (21... Rb8 $1 $11 {remains equal.} 22. Rxb8 Qxb8) 22. Qxe5 $16 {White now steadily converts the win.} Qxe5 23. Rxe5 Be6 24. h4 $36 {[%mdl 2048] White is really pushing.} Rab8 25. Rxb8 Rxb8 $18 {[%mdl 4096] Endgame KRB-KRB} 26. h5 Rb1+ 27. Kh2 Kg7 (27... Rb6 $142 28. Rc5 Bxa2) 28. hxg6 Bxa2 29. gxf7 Kxf7 $2 (29... Rb7 30. Ra5 Bxf7) 30. Ra5 Be6 31. Rxa7+ Kf6 32. Ra6 {Strongly threatening Bc4.} Rb6 $2 (32... Rb4 33. f3 Ke7 34. Ra7+ Kf6) 33. Bc4 (33. Rxb6 $142 Ke7 {[#]} 34. Rxe6+ $1 {[%mdl 512]} Kxe6 35. g4) 33... Rxa6 34. Bxa6 {KB-KB} Ba2 35. Bd3 Bb1 36. Kg3 Bxc2 37. Bxc2 Kg5 38. f4+ Kf6 39. Kf3 {White wants to mate with Kg4.} h5 40. g4 Ke7 41. g5 {Accuracy: White = 72%, Black = 32%.} 1-0

[Event "Stay Safe Play From Home 293"]
[Site "Emanuel Lasker Arena"]
[Date "2020.07.10"]
[Round "3"]
[White "Justwatch"]
[Black "Lamborghini"]
[Result "0-1"]
[WhiteElo "1674"]
[BlackElo "2174"]
[Annotator "TA"]
[PlyCount "54"]
[EventDate "2020.07.10"]
[EventType "swiss (blitz)"]

{[%evp 9,54,29,33,2,17,10,20,-93,-87,-106,-72,-71,-63,-82,-70,-93,-91,-109,-88,-119,-111,-482,-470,-484,-477,-544,-507,-588,-584,-610,-499,-489,-489,-460,-205,-344,-202,-469,-402,-414,-414,-530,-523,-2206,-2163,-2537,-1186]} 1. e4 g6 2. Bc4 Bg7 3. Nc3 e6 4. Nf3 Ne7 5. Bb3 O-O {[#]} 6. d3 $146 {B06: Modern Defence.} ({Predecessor:} 6. O-O Nbc6 7. d3 f5 8. Bg5 h6 9. Bxe7 Qxe7 10. exf5 Rxf5 11. Re1 Bxc3 12. bxc3 {0-1 (30) Lengvinaite,L-Sevcenko,P (1162) Klaipeda 2019}) 6... c5 7. Bg5 Nbc6 8. Bxe7 (8. Qd2 $11) 8... Qxe7 $17 9. O-O d6 10. Re1 b6 11. h3 Bb7 12. Qc1 Rad8 13. Nh2 Rfe8 14. Ng4 h5 15. Nh6+ $2 {[%mdl 8192] [#] White does not recover from this.} (15. Nh2 $17 {is tougher.}) 15... Kh7 $19 16. Nxf7 Qxf7 17. Re3 Nd4 18. Rg3 Bh6 19. Qd1 Qf4 20. Ne2 Nxe2+ 21. Qxe2 {With the idea Rf3.} Rd7 (21... Qe5 $142 22. Re1 Qxb2) 22. Rf3 (22. Ba4 $142 Qf7 23. a3) 22... Qg5 (22... Qe5 $142 23. Ba4 Qxb2) 23. Re3 $2 {[#]} (23. Ba4 {was forced.} Red8 24. Bxd7 Rxd7 25. Re1) 23... Rde7 24. Rg3 Qe5 25. Rf1 d5 {Black is clearly winning.} 26. exd5 Qxe2 27. dxe6 Qxf1+ {Accuracy: White = 28%, Black = 59%.} 0-1

[Event "Stay Safe Play From Home 293"]
[Site "Emanuel Lasker Arena"]
[Date "2020.07.10"]
[Round "3"]
[White "Edmatuag"]
[Black "APConnection"]
[Result "1-0"]
[WhiteElo "1621"]
[BlackElo "1741"]
[Annotator "NA RC"]
[PlyCount "51"]
[EventDate "2020.07.10"]
[EventType "swiss (blitz)"]

1. d4 {[%emt 0:00:02]} Nf6 {[%emt 0:00:01]} 2. e3 {[%emt 0:00:01]} c5 {[%emt 0:00:01]} 3. c4 {[%emt 0:00:01]} cxd4 {[%emt 0:00:01]} 4. exd4 {[%emt 0:00:02]} g6 {[%emt 0:00:01]} 5. Be3 {[%emt 0:00:01]} Bg7 {[%emt 0:00:00]} 6. h3 {[%emt 0:00:01]} O-O {[%emt 0:00:00]} 7. Nc3 {[%emt 0:00:01]} d5 {[%emt 0:00:01]} 8. Nf3 {[%emt 0:00:02]} Nc6 {[%emt 0:00:00]} 9. Bd3 {[%emt 0:00:02]} Re8 {[%emt 0:00:02]} 10. a3 {[%emt 0:00:02]} e5 {[%emt 0:00:00]} 11. dxe5 {[%emt 0:00:01]} Nxe5 {[%emt 0:00:01]} 12. Nxe5 {[%emt 0:00:01]} Rxe5 {[%emt 0:00:01]} 13. Ne2 {[%emt 0:00:01]} Qe8 {[%emt 0:00:06]} 14. Bd4 {[%emt 0:00:02]} Re6 {[%emt 0:00:03]} 15. cxd5 {[%emt 0:00:01]} Nxd5 {[%emt 0:00:01]} 16. Bxg7 {[%emt 0:00:01]} Kxg7 {[%emt 0:00:00]} 17. Bc4 {[%emt 0:00:04]} Nf4 {[%emt 0:00:00]} 18. Bxe6 {[%emt 0:00:01]} Nxe2 {[%emt 0:00:01]} 19. Qxe2 {[%emt 0:00:02]} Bxe6 {[%emt 0:00:00]} 20. O-O {[%emt 0:00:01]} Qb5 {[%emt 0:00:01]} 21. Qxb5 {[%emt 0:00:02]} b6 {[%emt 0:00:01]} 22. Qe5+ {[%emt 0:00:01]} Kf8 {[%emt 0:00:02]} 23. Rfd1 {[%emt 0:00:01]} Rd8 {[%emt 0:00:01]} 24. Rxd8+ {[%emt 0:00:01]} Ke7 {[%emt 0:00:00]} 25. Qd6+ {[%emt 0:00:01]} Kf6 {[%emt 0:00:01]} 26. Re8 {[%emt 0:00:00] APConnection gibt auf (Lag: Av=0.53s, max=0.8s)} 1-0

[Event "Stay Safe Play From Home 293"]
[Site "Emanuel Lasker Arena"]
[Date "2020.07.10"]
[Round "3"]
[White "Trotsky"]
[Black "AChessPlayer"]
[Result "0-1"]
[WhiteElo "1611"]
[BlackElo "2370"]
[Annotator "TA"]
[PlyCount "70"]
[EventDate "2020.07.10"]
[EventType "swiss (blitz)"]

{[%evp 13,69,39,32,24,46,24,155,10,73,-158,-63,-497,-502,-672,-584,-829,-819,-824,-762,-1027,-995,-1274,-1232,-1277,-1163,-1170,-993,-1076,-791,-1029,-678,-1182,-1021,-998,-1001,-1097,-1050,-1004,-1127,-1078,-925,-1175,-1133,-1283,-1105,-1525,-1442,-1521,-1395,-2093,-2066,-29985,-29986,-29991,-29990,-29998,-29999,-29999]} 1. d4 b6 2. e3 Bb7 3. c4 e6 4. Nc3 f5 5. Qc2 Nf6 6. f3 Bb4 7. Bd3 O-O 8. Bd2 {[#] A85: Dutch Defence: 2 c4 Nf6 3 Nc3.} Nh5 $146 ({Predecessor:} 8... c5 9. a3 Ba5 10. Nge2 Nc6 11. O-O Rc8 12. Rab1 Qe7 13. Qa4 Kh8 14. Rfd1 e5 {1-0 (43) Daghli,A (2414)-Bogdanovich,S (2597) Teheran 2019}) 9. h4 Ng3 (9... c5 $11 {remains equal.}) 10. Rh2 ({Only move:} 10. Rh3 $16) 10... Nh5 (10... c5 $1 $11) 11. Nh3 $2 (11. Nge2 $16 {keeps the pressure on.}) 11... Bd6 (11... Qxh4+ $17 12. Ke2 Bd6) 12. O-O-O $2 {[%mdl 8192] Loses the game.} (12. Rh1 $15) 12... Bxh2 $19 13. g4 Bxf3 14. Rf1 Bxg4 15. Ng5 h6 16. Rh1 Bg3 17. e4 hxg5 18. hxg5 f4 19. e5 Qxg5 20. Ne4 Qh6 21. Kb1 Bf5 22. a3 Bxe4 23. Bxe4 Nc6 24. Ka2 Nxd4 25. Qd3 c5 26. Bc3 Rae8 27. a4 Qg5 28. Ka3 Qxe5 {aiming for ...Nf6.} 29. b4 cxb4+ 30. Bxb4 {[#]} Rf5 $1 31. a5 (31. Bxf5 Nxf5) 31... Nf6 32. c5 Qxe4 {Black mates.} 33. Qc4 Qf3+ 34. Ka4 b5+ {[%mdl 64] [#] Overworked Piece} 35. Qxb5 Qb3# {Accuracy: White = 30%, Black = 20%.} 0-1

[Event "Stay Safe Play From Home 293"]
[Site "Emanuel Lasker Arena"]
[Date "2020.07.10"]
[Round "4"]
[White "Broken sword"]
[Black "SoulofWolf"]
[Result "1-0"]
[WhiteElo "2524"]
[BlackElo "2261"]
[Annotator "TA"]
[PlyCount "133"]
[EventDate "2020.07.10"]
[EventType "swiss (blitz)"]

{[%evp 9,133,53,68,27,61,67,65,60,76,70,89,88,251,109,210,165,282,267,351,256,352,335,386,368,359,356,378,359,394,368,348,379,377,304,422,362,530,507,600,610,603,607,624,627,629,621,772,727,700,705,836,647,771,681,722,676,761,653,626,604,574,540,709,688,708,682,729,715,839,847,942,954,948,933,1322,1025,1214,803,982,876,1035,982,1440,1388,1386,1372,1409,1033,1820,1724,29982,29983,29983,29984,29984,29985,29986,29986,29986,29987,29989,29990,29990,29990,29991,29992,29992,29993,29994,29995,29995,29995,29995,29995,29995,29996,29996,29997,29997,29996,29996,29996,29996,29997,29998,29999]} 1. e4 e6 2. d4 a6 3. Nd2 b5 4. Bd3 Bb7 5. c3 d6 {[#]} 6. f4 $146 {C01: French: Exchange Variation.} ({Predecessor:} 6. Ne2 c5 7. O-O Nd7 8. Nf3 Ngf6 9. Ng3 Qb6 10. Re1 h6 11. a4 Rd8 12. Qe2 {0-1 (36) Fuellgrabe,T (2260)-Dergatschova Daus,A (2180) Germany 1996}) 6... Nd7 7. Ngf3 c5 8. Qe2 {White is slightly better.} c4 9. Bc2 Qc7 10. O-O O-O-O $2 {[#]} (10... g6 $16) 11. Re1 (11. a4 $18 {has better winning chances.}) 11... h6 (11... d5 $16 {was necessary.}) 12. b3 Be7 (12... d5 $142 13. exd5 cxb3) 13. bxc4 $18 bxc4 14. Qxc4 Qxc4 15. Nxc4 g5 16. fxg5 hxg5 17. Bxg5 f6 18. Be3 d5 19. Ncd2 Bd6 20. exd5 Bxd5 21. Be4 Nb6 22. Rab1 Bxe4 (22... Nc4 $142 23. Bxd5 exd5 24. Nxc4 dxc4) 23. Nxe4 Nc4 24. Nxd6+ Rxd6 25. Bf4 Rb6 26. Rxb6 Nxb6 27. Rxe6 Nd7 28. Rxa6 Kb7 29. Rd6 Nb6 30. h3 Nc8 31. Re6 Rh7 32. c4 Rf7 33. c5 Nge7 34. a3 {[%cal Ba2a3,Ba3a4,Ba4a5][%mdl 32]} Nd5 35. Bd2 Nce7 36. a4 Nc7 37. Rb6+ Ka7 38. a5 Ned5 39. Rd6 Kb7 40. h4 Ne7 41. g4 Ka7 42. Kh2 Nb5 43. Rb6 Nc7 44. Kg3 Ned5 45. Rd6 f5 46. g5 f4+ 47. Kg4 Re7 48. Bxf4 Nxf4 49. Kxf4 Ne6+ {[#]} 50. Rxe6 $1 {White mates.} Rxe6 {[%mdl 4096] Endgame KR-KN} 51. Ne5 Re8 52. g6 Kb7 53. Kg5 Rg8 54. h5 Rd8 55. h6 Rxd4 56. g7 Rd1 57. g8=Q Rg1+ 58. Ng4 Rxg4+ 59. Kxg4 Kc6 60. Qg6+ Kb5 61. Qb6+ Kc4 62. c6 Kd5 63. c7 Kc4 64. Qd6 Kc3 65. a6 Kb3 66. a7 Ka2 67. Qb6 {Accuracy: White = 69%, Black = 34%.} 1-0